000 00329nam a22001337a 4500
008 230620b xxu||||| |||| 00| 0 eng d
020 _a070692651X
082 _a320
_bVAR 1975
100 _cS. P Varma
245 _aModern Political Theory
260 _aIndia
_bVani Educational Books
_c1975
300 _aX,463p
942 _2ddc
_cBK
999 _c1601
_d1601